Trivia Trail - Capital Cities - Statistics

General Stats
  • This quiz has been taken 44 times
  • The average score is 11 of 20
Answer Stats
Hint Continent Answer % Correct
Known for its black cabs and red phone boxes Europe London
95%
The birthplace of democracy Europe Athens
81%
Host of the Nobel Peace Prize award ceremony each year Europe Oslo
78%
Name literally means "city of Islam" Asia Islamabad
76%
One of the oldest cities in the Middle East, founded in the 3rd millennium BC Asia Damascus
65%
Known as "The Venice of the North" due to being located on 14 islands Europe Stockholm
65%
A 1647 earthquake striking this city inspired a Heinrich von Kleist novel South America Santiago
59%
Location of the e-Sports Hall of Fame Asia Seoul
59%
Located on the junction of the Blue Nile and White Nile Africa Khartoum
57%
Nicknamed "The Octopus" for the shape of its greater city area South America Lima
57%
The children's show LazyTown was filmed here, and its creator born here Europe Reykjavik
57%
The coldest capital city in the world, averaging 0.2°C/32.4°F annually Asia Ulaanbaatar
54%
The highest capital city in Europe, at an elevation of 1,023m above sea level Europe Andorra la Vella
51%
Retiro Park, located here 666m above sea level, has a statue of the devil Europe Madrid
43%
Host city of the 1951 and 1982 Asian Games Asia New Delhi
41%
This city's 7-letter name contains only one letter its country's name does not Africa Algiers
32%
Ranked the second-safest city in the world in Numbeo's Crime Index 2023 Asia Doha
32%
Capital of the Mossi Empire Africa Ouagadougou
32%
Non-white cars, dirty cars and being outside after 11pm are all illegal here Asia Ashgabat
27%
A 1943 WWII battle saw the USA retake this atoll from Japan Oceania Tarawa
27%
No matching quizzes found
Score Distribution
Percent of People with Each Score
Percentile by Number Answered
Your Score History
You have not taken this quiz